Curaçao International Airport Destinations (Willemstad, Curaçao) - Statistics

General Stats
  • This quiz has been taken 93 times
    37 since last reset
  • The average score is 16 of 26
Answer Stats
Airline Destination % Correct
Corendon Dutch Airlines/KLM/TUI fly Netherlands Amsterdam
100%
American Airlines/Surinam Airways Miami
93%
Air Canada Rouge/WestJet Toronto (Pearson)
90%
Air Canada Rouge Montréal (Trudeau)
87%
Avianca/LATAM Colombia/Wingo Bogotá
83%
LATAM Peru Lima
83%
JetBlue New York (JFK)
83%
Divi Divi Air/Winair/Z Air Aruba
80%
Delta Air Lines Atlanta
77%
United Airlines Newark
77%
Avior Airlines/LASER Airlines Caracas
73%
Divi Divi Air/Winair/Z Air Bonaire
70%
American Airlines Charlotte
70%
Fly All Ways/Surinam Airways Paramaribo
70%
American Airlines Chicago (O'Hare)
67%
Copa Airlines Panama City (Tocumen)
60%
Winair/Z Air St. Maarten
53%
Wingo Medellín (JMC)
47%
Caribbean Airlines Port of Spain
47%
Air Century Santo Domingo (La Isabela)
43%
Arajet/RED Air/Sky High Santo Domingo (Las Américas)
43%
Azul Brazilian Airlines Belo Horizonte (Confins)
27%
Azul Brazilian Airlines Fort Lauderdale
23%
Z Air Barranquilla
7%
Sunrise Airways Port-au-Prince
7%
Albatros Airlines Las Piedras
0%
No matching quizzes found
Score Distribution
Percent of People with Each Score
Percentile by Number Answered
Your Score History
You have not taken this quiz since the last reset